The first days of school : (Record no. 23858)

000 -LEADER
fixed length control field 01421cam a2200325 a 4500
001 - CONTROL NUMBER
control field 12401681
005 - DATE AND TIME OF LATEST TRANSACTION
control field 20170127110936.0
008 - FIXED-LENGTH DATA ELEMENTS--GENERAL INFORMATION
fixed length control field 010507s1998 caua b 001 0 eng d
010 ## - LIBRARY OF CONGRESS CONTROL NUMBER
LC control number 97091202
020 ## - INTERNATIONAL STANDARD BOOK NUMBER
International Standard Book Number 0962936022 (pbk.)
035 ## - SYSTEM CONTROL NUMBER
System control number (OCoLC)ocm38285026
040 ## - CATALOGING SOURCE
Original cataloging agency HQB
Transcribing agency HQB
Modifying agency ORU
-- JYJ
-- DLC
042 ## - AUTHENTICATION CODE
Authentication code lccopycat
043 ## - GEOGRAPHIC AREA CODE
Geographic area code n-us---
050 00 - LIBRARY OF CONGRESS CALL NUMBER
Classification number LB1775.2
Item number .W66 1998
100 1# - MAIN ENTRY--PERSONAL NAME
Personal name Wong, Harry K.,
Dates associated with a name 1932-
245 14 - TITLE STATEMENT
Title The first days of school :
Remainder of title how to be an effective teacher /
Statement of responsibility, etc. by Harry K. Wong & Rosemary T. Wong.
246 3# - VARYING FORM OF TITLE
Title proper/short title How to be an effective teacher
250 ## - EDITION STATEMENT
Edition statement [2nd ed.]
260 ## - PUBLICATION, DISTRIBUTION, ETC. (IMPRINT)
Place of publication, distribution, etc. Mountainview, CA :
Name of publisher, distributor, etc. Harry K. Wong Publications,
Date of publication, distribution, etc. c1998.
300 ## - PHYSICAL DESCRIPTION
Extent xiv, 338 p. :
Other physical details ill. ;
Dimensions 21 x 26 cm.
504 ## - BIBLIOGRAPHY, ETC. NOTE
Bibliography, etc Includes bibliographical references and index.
505 0# - FORMATTED CONTENTS NOTE
Formatted contents note Basic understandings: the teacher -- First characteristic: positive expectations -- Second characteristic: classroom management -- Third characteristic: lesson mastery -- Future understandings: the professional.
650 #0 - SUBJECT ADDED ENTRY--TOPICAL TERM
Topical term or geographic name as entry element Teaching
General subdivision Vocational guidance
Geographic subdivision United States.
650 #0 - SUBJECT ADDED ENTRY--TOPICAL TERM
Topical term or geographic name as entry element Effective teaching
Geographic subdivision United States.
650 #0 - SUBJECT ADDED ENTRY--TOPICAL TERM
Topical term or geographic name as entry element Teachers
General subdivision Training of
Geographic subdivision United States.
700 1# - ADDED ENTRY--PERSONAL NAME
Personal name Wong, Rosemary T.
Fuller form of name (Rosemary Tripi)
942 ## - ADDED ENTRY ELEMENTS (KOHA)
Source of classification or shelving scheme
Koha item type Hard Covered Materials
Classification part LB1775.2 .W66 1988

No items available.

© Machakos University Library, Along The Highway, Machakos Wote Rd, Machakos, Kenya P.O. Box 136 - 90100 Machakos - Kenya

Tel: ( +254 ) 723 805829 OR Fax : 044-20353 OR Email: library@mksu.ac.ke